000 00457nam a2200169 4500
001 148449
003 ES-MaACL
005 20230906202635.0
007 t|
008 070214s1935 fr r ||||1| fre d
100 1 _aStravinsky, Igor.
_9139612
245 1 0 _aChroniques de ma vie /
_cIgor Strawinsky.
260 _aParis :
_bChantenay,
_c1935.
300 _a187 p., 6 lám. ;
_c19 cm.
600 1 4 _aStravinsky, Igor.
_9139612
852 _aES-MaACL
_jA-3932
999 _c148449
_d148449